[Event "DEM U10/U10w 2013"]
[Site "Oberhof GER"]
[Date "2013.05.21"]
[Round "5"]
[White "Keymer, Vincent"]
[Black "Niemann, Alexander"]
[Result "1-0"]
[Termination "normal"]
[Board "1"]
[WhiteElo "1861"]
[BlackElo "1645"]
[PlyCount "107"]
[WhiteFideId "12940690"]
[BlackFideId "12939862"]
[EventCountry "GER"]
[EventRounds "11"]
[EventType "swiss"]
[EventDate "2013.05.18"]

1. e4 c5 2. Nc3 Nc6 3. Bb5 g6 4. Bxc6 bxc6 5. d3 Bg7 6. f4 d6 7. Nf3 e6 8. O-O
Ne7 9. e5 d5 10. Na4 Qa5 11. c4 O-O 12. b3 Nf5 13. Qd2 Qb4 14. Qf2 d4 15. Bd2
Qb7 16. Nxc5 Qb6 17. b4 Ne3 18. Bxe3 dxe3 19. Qxe3 Qxb4 20. Ne4 Qe7 21. Nd6 Rd8
22. c5 Ba6 23. Nd4 Qc7 24. Qe4 Bf8 25. Qxc6 Bxd6 26. exd6 Qxc6 27. Nxc6 Rdc8
28. Ne7+ Kf8 29. Nxc8 Bxc8 30. c6 Ba6 31. c7 Ke8 32. Rab1 Rc8 33. Rb4 Kd7 34.
Rd4 Bb7 35. Rb1 Bd5 36. Rxd5 exd5 37. Rb8 d4 38. a4 a5 39. g4 f6 40. g5 f5 41.
h3 Rxc7 42. dxc7 Kxc7 43. Rh8 Kd6 44. Ra8 Kc5 45. Rxa5+ Kb4 46. Ra7 Kc3 47. Rd7
Kxd3 48. a5 Kc4 49. a6 d3 50. a7 Kc3 51. a8=Q d2 52. Qc6+ Kb4 53. Rb7+ Ka5 54.
Qb5# 1-0

[Event "DEM U10/U10w 2013"]
[Site "Oberhof GER"]
[Date "2013.05.21"]
[Round "5"]
[White "Collin, Alexander"]
[Black "Tong, Kevin"]
[Result "1/2-1/2"]
[Termination "normal"]
[Board "2"]
[WhiteElo "1451"]
[BlackElo "1637"]
[PlyCount "79"]
[WhiteFideId "12946745"]
[BlackFideId "12913944"]
[EventCountry "GER"]
[EventRounds "11"]
[EventType "swiss"]
[EventDate "2013.05.18"]

1. e4 c5 2. c3 g6 3. Nf3 Bg7 4. d4 cxd4 5. cxd4 d5 6. exd5 Nf6 7. Bb5+ Bd7 8.
Bc4 O-O 9. Nc3 Bg4 10. h3 Bxf3 11. Qxf3 Nbd7 12. O-O Nb6 13. Bb3 Qd7 14. Re1
Rad8 15. d6 Qxd6 16. Qxb7 Rd7 17. Qf3 Qxd4 18. Be3 Qb4 19. Rad1 Rfd8 20. Rxd7
Rxd7 21. Rd1 e6 22. Bg5 Rxd1+ 23. Qxd1 Nfd7 24. Qc2 h5 25. Bd2 Qc5 26. Be3 Qc6
27. a4 Nf6 28. a5 Nc8 29. Qd3 Kh7 30. Bd1 Qb7 31. Qc2 Ne7 32. Bg5 Nfd5 33. Bxe7
Nxe7 34. Bxh5 Qc7 35. Bf3 Qxa5 36. Be4 Be5 37. g3 Qc5 38. Kg2 Nc6 39. Na4 Qxc2
40. Bxc2 1/2-1/2

[Event "DEM U10/U10w 2013"]
[Site "Oberhof GER"]
[Date "2013.05.21"]
[Round "5"]
[White "Wu, Luka"]
[Black "Tschammer, Kai"]
[Result "1-0"]
[Termination "normal"]
[Board "3"]
[WhiteElo "1217"]
[BlackElo "1605"]
[PlyCount "127"]
[WhiteFideId "12977420"]
[BlackFideId "12939099"]
[EventCountry "GER"]
[EventRounds "11"]
[EventType "swiss"]
[EventDate "2013.05.18"]

1. e4 e5 2. Nf3 Nc6 3. Bc4 Nf6 4. Ng5 d5 5. exd5 Na5 6. Bb5+ c6 7. dxc6 bxc6 8.
Qf3 Rb8 9. Bxc6+ Nxc6 10. Qxc6+ Nd7 11. Ne4 Rb4 12. Nbc3 Bb7 13. Nd6+ Bxd6 14.
Qxd6 Rd4 15. Qa3 Qh4 16. d3 Bxg2 17. Rg1 Qxh2 18. Ne2 Rd5 19. c4 Rc5 20. Be3
Rc6 21. Bxa7 e4 22. dxe4 Rxc4 23. Kd2 Bxe4 24. Rac1 Ne5 25. Nd4 Qxf2+ 26. Ne2
Qf6 27. Rgf1 Qd8+ 28. Bd4 Rxd4+ 29. Nxd4 Qxd4+ 30. Ke1 Nd3+ 31. Ke2 Nxc1+ 32.
Rxc1 Kd7 33. Rd1 Qxd1+ 34. Kxd1 f5 35. Qg3 g6 36. a4 Ra8 37. Qh3 h5 38. b3 Ke6
39. Kd2 Rc8 40. b4 Rc2+ 41. Kd1 Rb2 42. Qc3 Rg2 43. b5 Bc2+ 44. Kc1 Be4 45.
Qb3+ Kf6 46. a5 f4 47. Qc3+ Kg5 48. Qe5+ Bf5 49. a6 Ra2 50. Qe7+ Kg4 51. a7 f3
52. Qb4+ Kg5 53. Qd4 f2 54. Qxf2 Rxf2 55. a8=Q Rc2+ 56. Kd1 Rc8 57. Qg2+ Kh6
58. b6 Rd8+ 59. Ke1 Rd7 60. b7 Rxb7 61. Qxb7 Kg5 62. Kf2 Kh6 63. Qe7 g5 64.
Qf6+ 1-0

[Event "DEM U10/U10w 2013"]
[Site "Oberhof GER"]
[Date "2013.05.21"]
[Round "5"]
[White "Kopylov, Daniel"]
[Black "Wu, Leon"]
[Result "1-0"]
[Termination "normal"]
[Board "4"]
[WhiteElo "1628"]
[BlackElo "1345"]
[PlyCount "91"]
[WhiteFideId "12921971"]
[BlackFideId "12977438"]
[EventCountry "GER"]
[EventRounds "11"]
[EventType "swiss"]
[EventDate "2013.05.18"]

1. e4 c5 2. Nf3 Nc6 3. d4 cxd4 4. Nxd4 g6 5. Nc3 Bg7 6. Be3 Nf6 7. Nxc6 bxc6 8.
e5 Nd5 9. Nxd5 cxd5 10. Qxd5 Rb8 11. O-O-O Qc7 12. f4 O-O 13. c3 Rd8 14. Qc5
Qb7 15. Rd2 d6 16. exd6 Rxd6 17. Qxa7 Rxd2 18. Qxb7 Rxb7 19. Bxd2 Be6 20. a3
Bd5 21. Rg1 e5 22. g3 e4 23. Bg2 f5 24. Be3 Bb3 25. Bf1 Rd7 26. Be2 Kf7 27. Bd1
Bc4 28. Bc2 Be2 29. Rg2 Bd3 30. Rd2 Ke7 31. Bc5+ Kd8 32. Bxd3 exd3 33. Kd1 Kc7
34. Ke1 Kc6 35. Be3 Kb5 36. Rd1 Kc4 37. Kd2 Rb7 38. Kc1 Rd7 39. Bd2 Bf6 40. Re1
Kd5 41. b3 Kc5 42. Kb2 Kb5 43. Re6 Bg7 44. a4+ Ka5 45. Ka3 Rc7 46. b4# 1-0

[Event "DEM U10/U10w 2013"]
[Site "Oberhof GER"]
[Date "2013.05.21"]
[Round "5"]
[White "Suvorov, Alexander"]
[Black "Svane, Frederik"]
[Result "1/2-1/2"]
[Termination "normal"]
[Board "5"]
[WhiteElo "1397"]
[BlackElo "1715"]
[PlyCount "56"]
[WhiteFideId "12977063"]
[BlackFideId "12923044"]
[EventCountry "GER"]
[EventRounds "11"]
[EventType "swiss"]
[EventDate "2013.05.18"]

1. e4 c5 2. Nc3 e6 3. d3 d5 4. exd5 exd5 5. Nf3 Nf6 6. Bg5 Be7 7. Be2 O-O 8.
O-O Be6 9. d4 c4 10. Ne5 Nbd7 11. f4 Bf5 12. g4 Be4 13. Bxf6 Bxf6 14. Nxe4 dxe4
15. Bxc4 Bxe5 16. dxe5 Qb6+ 17. Kh1 Rad8 18. Qe2 Nc5 19. Rab1 Qc6 20. Kg1 Na4
21. Bb3 Qb6+ 22. Kh1 Nc5 23. Rbd1 Qc6 24. Kg1 Qb6 25. Kh1 Qc6 26. Kg1 Qb6 27.
Kh1 Qc6 28. Kg1 Qb6 1/2-1/2

[Event "DEM U10/U10w 2013"]
[Site "Oberhof GER"]
[Date "2013.05.21"]
[Round "5"]
[White "Post, Hugo"]
[Black "Dobrikov, Marco"]
[Result "0-1"]
[Termination "normal"]
[Board "6"]
[WhiteElo "1341"]
[BlackElo "1528"]
[PlyCount "94"]
[WhiteFideId "12962490"]
[BlackFideId "12950378"]
[EventCountry "GER"]
[EventRounds "11"]
[EventType "swiss"]
[EventDate "2013.05.18"]

1. e4 c5 2. Nc3 Nc6 3. f4 g6 4. Nf3 Bg7 5. g3 d6 6. Bg2 Bg4 7. O-O e6 8. d3
Nge7 9. Be3 Nd4 10. a3 Nec6 11. Rb1 a6 12. Ne2 Bxf3 13. Bxf3 Nxf3+ 14. Rxf3 O-O
15. c3 b5 16. Qf1 Qe7 17. g4 a5 18. Qg2 b4 19. f5 bxa3 20. bxa3 Rab8 21. Rc1
Rb2 22. Kf1 Ne5 23. Rh3 Nxd3 24. Rd1 c4 25. Bh6 Bxh6 26. Rxh6 Nf4 27. Qf3 Nxe2
28. f6 Qa7 29. Qg2 Qe3 30. Rh3 Qf4+ 31. Rf3 Qe5 32. Re1 Qxe4 33. Rxe2 Qxe2+ 34.
Qxe2 Rxe2 35. Kxe2 Rb8 36. Rf4 d5 37. g5 Rb3 38. Rf1 Rxc3 39. Ra1 Kf8 40. Kd2
Rb3 41. h4 a4 42. Kc2 Ke8 43. Ra2 Kd7 44. Kd2 Kc6 45. Kc2 Kc5 46. Kc1 Kd4 47.
Kd2 c3+ 0-1

[Event "DEM U10/U10w 2013"]
[Site "Oberhof GER"]
[Date "2013.05.21"]
[Round "5"]
[White "Henning, Marvin"]
[Black "Graf, Justus Felix"]
[Result "0-1"]
[Termination "normal"]
[Board "8"]
[WhiteElo "1342"]
[BlackElo "1489"]
[PlyCount "114"]
[WhiteFideId "12957399"]
[BlackFideId "12929212"]
[EventCountry "GER"]
[EventRounds "11"]
[EventType "swiss"]
[EventDate "2013.05.18"]

1. e4 c6 2. d4 d5 3. exd5 cxd5 4. c4 dxc4 5. Bxc4 e6 6. Nc3 Nf6 7. Nf3 Be7 8.
Be3 O-O 9. O-O b6 10. Rc1 Bb7 11. Be2 Nc6 12. a3 Rc8 13. h3 Qc7 14. Nb5 Qb8 15.
Nh2 Rfd8 16. Ng4 a6 17. Nc3 b5 18. Qd2 Rd7 19. Rfd1 Rcd8 20. Bf4 Qa8 21. Ne5
Nxe5 22. Bxe5 Bxg2 23. Kh2 Bb7 24. Rg1 g6 25. Qg5 Ne8 26. Qh6 Bf8 27. Qh4 Bg7
28. Bxg7 Kxg7 29. Rcd1 Nf6 30. Qf4 Qa7 31. d5 exd5 32. Bg4 Nxg4+ 33. Qxg4 Qxf2+
34. Rg2 Qf6 35. Rgd2 Qe5+ 36. Kg1 Qe3+ 37. Kh2 Qe5+ 38. Kg1 d4 39. Ne2 d3 40.
Nf4 Qe3+ 41. Kh2 Qe5 42. Kg1 Rd4 43. Rf2 d2 44. Qe2 Qxe2 45. Rxe2 Bf3 46. Rdxd2
Rxd2 47. Rxd2 Rxd2 48. b3 g5 49. a4 bxa4 50. bxa4 gxf4 51. a5 Bc6 52. h4 f3 53.
h5 f2+ 54. Kf1 Bb5+ 55. Kg2 f1=Q+ 56. Kg3 Rg2+ 57. Kh4 Qh1# 0-1

[Event "DEM U10/U10w 2013"]
[Site "Oberhof GER"]
[Date "2013.05.21"]
[Round "5"]
[White "Wagner, Benjamin"]
[Black "Bui, Julia"]
[Result "1/2-1/2"]
[Termination "normal"]
[Board "9"]
[WhiteElo "1468"]
[BlackElo "1260"]
[PlyCount "52"]
[WhiteFideId "12957330"]
[BlackFideId "12977055"]
[EventCountry "GER"]
[EventRounds "11"]
[EventType "swiss"]
[EventDate "2013.05.18"]

1. e4 c5 2. Nf3 d6 3. d4 cxd4 4. Nxd4 Nf6 5. Nc3 a6 6. Bc4 e6 7. Bb3 Nbd7 8.
O-O Nc5 9. Qf3 b5 10. Re1 Bb7 11. Bg5 Be7 12. Rad1 Qc7 13. Bxf6 Bxf6 14. Ndxb5
axb5 15. Nxb5 Qb6 16. Nxd6+ Ke7 17. Qf4 e5 18. Qg4 Nxb3 19. axb3 Rhd8 20. Nf5+
Kf8 21. Qh3 Bxe4 22. Qxh7 Bxf5 23. Qxf5 Rxd1 24. Rxd1 Rd8 25. Rxd8+ Qxd8 26. g3
Qd1+ 1/2-1/2

[Event "DEM U10/U10w 2013"]
[Site "Oberhof GER"]
[Date "2013.05.21"]
[Round "5"]
[White "Dietz, Florian"]
[Black "Hommel, Niclas"]
[Result "1/2-1/2"]
[Termination "normal"]
[Board "10"]
[WhiteElo "1445"]
[BlackElo "1197"]
[PlyCount "78"]
[WhiteFideId "12939897"]
[BlackFideId "12974927"]
[EventCountry "GER"]
[EventRounds "11"]
[EventType "swiss"]
[EventDate "2013.05.18"]

1. e4 c5 2. Nf3 Nc6 3. d4 cxd4 4. Nxd4 e5 5. Nb5 a6 6. Nd6+ Bxd6 7. Qxd6 Qf6 8.
Qxf6 Nxf6 9. Nc3 d6 10. Bg5 Nd7 11. O-O-O f6 12. Be3 Ke7 13. Nd5+ Kd8 14. Nb6
Nxb6 15. Bxb6+ Ke7 16. Bc7 d5 17. exd5 Nd8 18. d6+ Kd7 19. Bd3 g6 20. Rhe1 Ne6
21. Ba5 Ng7 22. c4 Kc6 23. Be4+ Kd7 24. f4 f5 25. Bf3 e4 26. Kb1 Re8 27. Be2
Ne6 28. g3 Rb8 29. Bb6 Kc6 30. c5 Bd7 31. Rc1 Nd4 32. Bd1 Ra8 33. Ba4+ Nb5 34.
Red1 Be6 35. Bb3 Bxb3 36. axb3 Kd7 37. Rc2 Rac8 38. Rd5 Re6 39. Rcd2 Rce8
1/2-1/2

[Event "DEM U10/U10w 2013"]
[Site "Oberhof GER"]
[Date "2013.05.21"]
[Round "5"]
[White "Kukulina, Sonja"]
[Black "Lieberwirth, Kasimir"]
[Result "0-1"]
[Termination "normal"]
[Board "11"]
[WhiteElo "1184"]
[BlackElo "1433"]
[PlyCount "66"]
[WhiteFideId "12977047"]
[BlackFideId "12988146"]
[EventCountry "GER"]
[EventRounds "11"]
[EventType "swiss"]
[EventDate "2013.05.18"]

1. e4 c5 2. Nf3 Nc6 3. d4 cxd4 4. Nxd4 e5 5. Nxc6 bxc6 6. Bc4 Nf6 7. Nc3 Bb4 8.
Qf3 d5 9. exd5 cxd5 10. Bb5+ Bd7 11. Bxd7+ Qxd7 12. O-O O-O 13. Qg3 Rfe8 14.
Bg5 Nh5 15. Qh4 Bxc3 16. bxc3 g6 17. Bh6 Qe7 18. Qh3 Rab8 19. Rfe1 f5 20. f4 e4
21. Bg5 Qc5+ 22. Kh1 Qf2 23. Rf1 Qxc2 24. Qe3 Rb2 25. Rg1 Rxa2 26. Qd4 Qb3 27.
Rgb1 Rxa1 28. Rxa1 e3 29. Qb4 Qxb4 30. cxb4 e2 31. Bh4 Nxf4 32. g3 e1=R+ 33.
Rxe1 Rxe1# 0-1

[Event "DEM U10/U10w 2013"]
[Site "Oberhof GER"]
[Date "2013.05.21"]
[Round "5"]
[White "Weishäutel, Moritz"]
[Black "Schnabel, Luise"]
[Result "1-0"]
[Termination "normal"]
[Board "12"]
[WhiteElo "1431"]
[BlackElo "1417"]
[PlyCount "81"]
[WhiteFideId "12967300"]
[BlackFideId "12943347"]
[EventCountry "GER"]
[EventRounds "11"]
[EventType "swiss"]
[EventDate "2013.05.18"]

1. e4 e5 2. Nf3 Nc6 3. Bc4 Nf6 4. d3 Be7 5. c3 O-O 6. Bb3 d5 7. Nbd2 dxe4 8.
dxe4 Nd7 9. Qe2 Nc5 10. Bc2 b6 11. h3 Bb7 12. g4 Ba6 13. Qe3 Ne6 14. Nb3 Nf4
15. Rg1 Nxh3 16. Rg3 Nf4 17. g5 f6 18. gxf6 Rxf6 19. Nh4 Rh6 20. Rxg7+ Kxg7 21.
Nf5+ Kg6 22. Qg3+ Bg5 23. Nxh6 Kxh6 24. Bxf4 Bxf4 25. Qh3+ Kg7 26. Qg4+ Qg5 27.
Qd7+ Kg8 28. Bd3 Rd8 29. Qe6+ Kg7 30. Bxa6 Bd2+ 31. Kf1 Nb8 32. Bc4 Rf8 33.
Nxd2 Qf4 34. f3 h5 35. Rd1 h4 36. Ke2 Rh8 37. Rg1+ Kf8 38. Rg4 Qh2+ 39. Kd3
Qxd2+ 40. Kxd2 Rh7 41. Rg8# 1-0

[Event "DEM U10/U10w 2013"]
[Site "Oberhof GER"]
[Date "2013.05.21"]
[Round "5"]
[White "Breitzmann, Sander"]
[Black "Nguyen, Alex Dac-Vuong"]
[Result "1/2-1/2"]
[Termination "normal"]
[Board "13"]
[WhiteElo "1168"]
[BlackElo "1401"]
[PlyCount "94"]
[WhiteFideId "12987085"]
[BlackFideId "12984388"]
[EventCountry "GER"]
[EventRounds "11"]
[EventType "swiss"]
[EventDate "2013.05.18"]

1. e4 c6 2. d4 d5 3. e5 Bf5 4. Nf3 Nd7 5. c4 e6 6. Nc3 Bb4 7. a3 Ba5 8. b4 Bc7
9. Nh4 Bg6 10. Nxg6 fxg6 11. Be2 Ne7 12. O-O O-O 13. Bg5 Qe8 14. Bxe7 Qxe7 15.
c5 a5 16. b5 b6 17. bxc6 Nb8 18. cxb6 Bxb6 19. Bb5 Rc8 20. Na4 Ba7 21. Qd2 Nxc6
22. Bxc6 Rxc6 23. Qxa5 Rac8 24. Qd2 Rc4 25. Nc5 Qc7 26. Nxe6 Qe7 27. Nc5 Bxc5
28. dxc5 Qxe5 29. Rfe1 Qf5 30. Rac1 R4xc5 31. Re8+ Rxe8 32. Rxc5 Qf6 33. Qxd5+
Kh8 34. Qd1 Qe7 35. Rc1 Qxa3 36. h3 h5 37. Rb1 Qc3 38. Rc1 Qe5 39. g3 Rf8 40.
Qe1 Qf5 41. Kg2 Qf3+ 42. Kg1 h4 43. Rc3 Qh5 44. Rc4 g5 45. g4 Qf7 46. Rc5 Qf3
47. Rxg5 Qxh3 1/2-1/2

[Event "DEM U10/U10w 2013"]
[Site "Oberhof GER"]
[Date "2013.05.21"]
[Round "5"]
[White "Helmer, Jan"]
[Black "Heckmann, Till"]
[Result "1/2-1/2"]
[Termination "normal"]
[Board "14"]
[WhiteElo "1570"]
[BlackElo "1517"]
[PlyCount "88"]
[WhiteFideId "12956686"]
[BlackFideId "12987093"]
[EventCountry "GER"]
[EventRounds "11"]
[EventType "swiss"]
[EventDate "2013.05.18"]

1. d4 d5 2. c4 c6 3. Nc3 Nf6 4. Nf3 Nbd7 5. Bf4 e6 6. e3 Be7 7. h3 O-O 8. Be2
b6 9. cxd5 exd5 10. O-O Bb7 11. Rc1 Rc8 12. Bd3 c5 13. Qe2 c4 14. Bb1 a6 15. a4
Bb4 16. Qc2 Bxc3 17. bxc3 g6 18. Bh6 Re8 19. Qe2 Ne4 20. Bxe4 Rxe4 21. g3 f5
22. h4 Rc6 23. Ng5 Re8 24. Nh3 Nf6 25. Bg5 Qd6 26. Nf4 Ne4 27. Bh6 Rcc8 28. Kg2
Qa3 29. f3 Nxc3 30. Qc2 Rxe3 31. Rf2 Nxa4 32. Rd1 Ree8 33. h5 Kf7 34. Rh1 Qb3
35. Qc1 Qc3 36. Qd1 Nb2 37. Qa1 Qxd4 38. Qxb2 Qxb2 39. Rxb2 b5 40. Bg5 c3 41.
Rc2 Kg7 42. hxg6 hxg6 43. Rh6 Rc6 44. Nxd5 Rc5 1/2-1/2

[Event "DEM U10/U10w 2013"]
[Site "Oberhof GER"]
[Date "2013.05.21"]
[Round "5"]
[White "Stork, Oliver"]
[Black "Huber, Benedikt"]
[Result "1/2-1/2"]
[Termination "normal"]
[Board "15"]
[WhiteElo "1604"]
[BlackElo "1689"]
[PlyCount "45"]
[WhiteFideId "12955728"]
[BlackFideId "12923583"]
[EventCountry "GER"]
[EventRounds "11"]
[EventType "swiss"]
[EventDate "2013.05.18"]

1. e4 e6 2. d4 d5 3. Nd2 Be7 4. c3 Nf6 5. e5 Nfd7 6. f4 c5 7. Ndf3 b6 8. Bd3
Ba6 9. Ne2 Bxd3 10. Qxd3 Nc6 11. O-O Rc8 12. a3 f5 13. Ng5 Nf8 14. Qh3 h6 15.
Nf3 cxd4 16. Nexd4 Bc5 17. Be3 Bxd4 18. Nxd4 Nxd4 19. Bxd4 Ng6 20. Qh5 Kf7 21.
Bf2 Rc6 22. Be1 Qe8 23. g3 1/2-1/2

[Event "DEM U10/U10w 2013"]
[Site "Oberhof GER"]
[Date "2013.05.21"]
[Round "5"]
[White "Röhr, Tobias"]
[Black "Bosselmann, Tom Linus"]
[Result "1/2-1/2"]
[Termination "normal"]
[Board "16"]
[WhiteElo "1389"]
[BlackElo "1180"]
[PlyCount "104"]
[WhiteFideId "12963089"]
[BlackFideId "12983845"]
[EventCountry "GER"]
[EventRounds "11"]
[EventType "swiss"]
[EventDate "2013.05.18"]

1. d4 d5 2. c4 c6 3. Nc3 Nf6 4. cxd5 cxd5 5. Qc2 Nc6 6. Nf3 Bd7 7. Bg5 h6 8.
Bh4 e6 9. e3 Be7 10. Bd3 Nb4 11. Qb1 Nxd3+ 12. Qxd3 Rc8 13. O-O O-O 14. Ne5 Nh7
15. Bxe7 Qxe7 16. f4 Rc7 17. f5 Bc8 18. Nb5 Ng5 19. Nxc7 Qxc7 20. fxe6 Bxe6 21.
Qa3 Qb8 22. Rf4 a6 23. Raf1 Qc7 24. Nd3 Rc8 25. Qc5 Qxc5 26. Nxc5 g6 27. Nxb7
Rb8 28. Nc5 Rxb2 29. Nxa6 Rxa2 30. Nc5 Bf5 31. h4 Ne6 32. Nxe6 Bxe6 33. e4 Rd2
34. exd5 Bxd5 35. R1f2 Rd1+ 36. Kh2 g5 37. hxg5 hxg5 38. Rg4 Kf8 39. Re2 f6 40.
Kg3 Rd3+ 41. Kf2 Kf7 42. Ke1 Kg6 43. Rd2 Rxd2 44. Kxd2 f5 45. Rg3 f4 46. Rf3
Bxf3 47. gxf3 Kf5 48. Ke2 g4 49. fxg4+ Kxg4 50. Kf2 Kf5 51. Kf3 Kg5 52. Ke4 Kg4
1/2-1/2

[Event "DEM U10/U10w 2013"]
[Site "Oberhof GER"]
[Date "2013.05.21"]
[Round "5"]
[White "Yankelevich, Michael"]
[Black "Hinrichs, Paul"]
[Result "1-0"]
[Termination "normal"]
[Board "17"]
[WhiteElo "1644"]
[BlackElo "1177"]
[PlyCount "113"]
[WhiteFideId "12921440"]
[BlackFideId "12942545"]
[EventCountry "GER"]
[EventRounds "11"]
[EventType "swiss"]
[EventDate "2013.05.18"]

1. e4 e5 2. Nf3 Nc6 3. Bc4 Bc5 4. c3 Nf6 5. d4 exd4 6. e5 Ng4 7. cxd4 Bb4+ 8.
Nc3 d6 9. Bg5 Ne7 10. O-O O-O 11. Bxe7 Qxe7 12. Nd5 Qe8 13. Nxb4 dxe5 14. dxe5
Nxe5 15. Nxe5 Qxe5 16. b3 Bf5 17. Re1 Qa5 18. a3 Rad8 19. Nd5 Be6 20. b4 Rxd5
21. Bxd5 Qxd5 22. Qxd5 Bxd5 23. Re7 Rc8 24. Rc1 Bc6 25. b5 Kf8 26. Re5 f6 27.
Rec5 Bd7 28. Rxc7 Rxc7 29. Rxc7 Bxb5 30. Rxb7 a6 31. f4 Kg8 32. Kf2 h6 33. h4
h5 34. Rc7 Kh7 35. Kf3 Kg6 36. f5+ Kxf5 37. Rxg7 Bc6+ 38. Ke3 Ke5 39. g3 Kf5
40. Kd4 Bb5 41. Kc5 Ke5 42. g4 hxg4 43. Rxg4 f5 44. Rg1 f4 45. h5 f3 46. h6 f2
47. Rh1 Bd3 48. Rd1 Be2 49. h7 Bxd1 50. h8=Q+ Kf4 51. Qd4+ Kg3 52. Qxd1 Kg2 53.
Kb6 f1=Q 54. Qxf1+ Kxf1 55. Kxa6 Ke2 56. Kb6 Kd3 57. a4 1-0

[Event "DEM U10/U10w 2013"]
[Site "Oberhof GER"]
[Date "2013.05.21"]
[Round "5"]
[White "Gheng, Dominik"]
[Black "Schmidtmann, Samantha"]
[Result "1/2-1/2"]
[Termination "normal"]
[Board "18"]
[WhiteElo "1635"]
[BlackElo "1171"]
[PlyCount "111"]
[WhiteFideId "12906778"]
[BlackFideId "12956759"]
[EventCountry "GER"]
[EventRounds "11"]
[EventType "swiss"]
[EventDate "2013.05.18"]

1. e4 c5 2. Nf3 d6 3. d4 cxd4 4. Nxd4 Nf6 5. Nc3 a6 6. Be3 e5 7. Nb3 Be6 8. f3
Be7 9. Qd2 Nbd7 10. g4 b5 11. Nd5 Bxd5 12. exd5 O-O 13. O-O-O Qc7 14. h4 Rfb8
15. Na5 Rc8 16. Nc6 Nxd5 17. Nxe7+ Nxe7 18. Rh2 d5 19. f4 Rab8 20. fxe5 Nxe5
21. Bf4 f6 22. Bg2 Nd3+ 23. Qxd3 Qxf4+ 24. Qd2 Qxd2+ 25. Rxd2 Rd8 26. Rh3 Kf8
27. Rhd3 b4 28. Bxd5 Nxd5 29. Rxd5 Rxd5 30. Rxd5 Re8 31. Rd4 a5 32. Kd2 Ke7 33.
Re4+ Kf7 34. Rxe8 Kxe8 35. Kd3 Kd7 36. Kd4 Kd6 37. c3 bxc3 38. bxc3 g6 39. c4
Kc6 40. h5 a4 41. a3 Kd6 42. c5+ Kc6 43. Kc4 f5 44. gxf5 gxf5 45. Kd4 f4 46.
Ke4 f3 47. Kxf3 Kxc5 48. Kf4 Kc4 49. Kg5 Kb3 50. Kh6 Kxa3 51. Kxh7 Kb3 52. Kg8
a3 53. h6 a2 54. h7 a1=Q 55. h8=Q Qxh8+ 56. Kxh8 1/2-1/2

[Event "DEM U10/U10w 2013"]
[Site "Oberhof GER"]
[Date "2013.05.21"]
[Round "5"]
[White "Schumacher, Simon"]
[Black "Hüls, Maximilian"]
[Result "1-0"]
[Termination "normal"]
[Board "19"]
[WhiteElo "1156"]
[BlackElo "1617"]
[PlyCount "71"]
[BlackFideId "12949698"]
[EventCountry "GER"]
[EventRounds "11"]
[EventType "swiss"]
[EventDate "2013.05.18"]

1. d4 d5 2. Bf4 e6 3. Nf3 Bd6 4. Bg3 Nf6 5. e3 O-O 6. Bd3 b6 7. c3 Ba6 8. Qc2
Bxd3 9. Qxd3 Ne4 10. Nbd2 f5 11. Rf1 c5 12. O-O-O c4 13. Qc2 Nc6 14. Ne5 Bxe5
15. dxe5 Nc5 16. Nxc4 Ne4 17. f3 Nc5 18. Kb1 Qe7 19. Nd6 Rfd8 20. Rd2 Nb7 21.
e4 Nxe5 22. Nxb7 Nc4 23. Nxd8 Nxd2+ 24. Qxd2 Rxd8 25. exf5 exf5 26. Bf4 h6 27.
Re1 Qf7 28. c4 g5 29. Be5 Re8 30. cxd5 Rd8 31. d6 Qe6 32. f4 Qg6 33. Qd5+ Kf8
34. d7 Qf7 35. Bd6+ Kg7 36. Re7 1-0

[Event "DEM U10/U10w 2013"]
[Site "Oberhof GER"]
[Date "2013.05.21"]
[Round "5"]
[White "Merk, Daniel"]
[Black "Wurst, Benedikt"]
[Result "1/2-1/2"]
[Termination "normal"]
[Board "20"]
[WhiteElo "1655"]
[BlackElo "1139"]
[PlyCount "68"]
[WhiteFideId "12938386"]
[BlackFideId "12991791"]
[EventCountry "GER"]
[EventRounds "11"]
[EventType "swiss"]
[EventDate "2013.05.18"]

1. e4 e5 2. Nf3 Nc6 3. Bb5 a6 4. Bxc6 dxc6 5. O-O f6 6. d4 Bg4 7. dxe5 Qxd1 8.
Rxd1 Bxf3 9. gxf3 fxe5 10. f4 Bd6 11. fxe5 Bxe5 12. f4 Bd6 13. Nc3 O-O-O 14.
Be3 Nh6 15. h3 Rhf8 16. Ne2 Rde8 17. e5 Nf5 18. Bf2 g6 19. Nd4 Bc5 20. Nxf5
Bxf2+ 21. Kxf2 Rxf5 22. Rd4 Rexe5 23. Kg3 Re3+ 24. Kg4 Re2 25. Rad1 b6 26. R4d2
Re4 27. Rf2 h6 28. Rd3 Ra5 29. a3 h5+ 30. Kg3 g5 31. Rdf3 Kd7 32. fxg5 Rxg5+
33. Kh2 Rd5 34. Rf7+ Kc8 1/2-1/2

[Event "DEM U10/U10w 2013"]
[Site "Oberhof GER"]
[Date "2013.05.21"]
[Round "5"]
[White "Mücka, Cedric"]
[Black "Brunkardt, Elena"]
[Result "1-0"]
[Termination "normal"]
[Board "21"]
[WhiteElo "1380"]
[BlackElo "1010"]
[PlyCount "113"]
[WhiteFideId "16217640"]
[BlackFideId "16208838"]
[EventCountry "GER"]
[EventRounds "11"]
[EventType "swiss"]
[EventDate "2013.05.18"]

1. e4 d5 2. exd5 Qxd5 3. Nc3 Qd6 4. d4 Nf6 5. Nf3 c6 6. Be3 Bg4 7. Be2 Nbd7 8.
Qd2 Bxf3 9. Bxf3 e5 10. O-O-O exd4 11. Bxd4 Be7 12. Rhe1 O-O 13. Bxf6 Qxd2+ 14.
Rxd2 Bxf6 15. Rxd7 b5 16. Bxc6 Rab8 17. Nxb5 Rb6 18. Rd6 a6 19. Nc3 Rfb8 20.
Nd1 Bxb2+ 21. Nxb2 Rxb2 22. Re8+ Rxe8 23. Bxe8 Rxa2 24. Rd8 g6 25. Rd7 Kf8 26.
Bxf7 Ra1+ 27. Kb2 Rf1 28. f3 Rf2 29. Bc4 a5 30. Rxh7 Rxg2 31. Rh8+ Kg7 32. Rg8+
Kh6 33. Kb3 Kh5 34. Bf7 Kh6 35. Bd5 Rg5 36. Bc4 Rf5 37. Rh8+ Kg5 38. h4+ Kf6
39. Rf8+ Ke5 40. Rxf5+ Kxf5 41. Bd3+ Kf6 42. Ka4 Kg7 43. c4 Kh6 44. c5 Kh5 45.
Bxg6+ Kxg6 46. c6 Kh5 47. c7 Kxh4 48. c8=Q Kg3 49. Qf5 Kg2 50. Kxa5 Kh1 51. Qg4
Kh2 52. Kb4 Kh1 53. Kc3 Kh2 54. Kd2 Kh1 55. Ke2 Kh2 56. Kf2 Kh1 57. Qh3# 1-0

[Event "DEM U10/U10w 2013"]
[Site "Oberhof GER"]
[Date "2013.05.21"]
[Round "5"]
[White "Buchloh, Adrian"]
[Black "Burian, Simon"]
[Result "1-0"]
[Termination "normal"]
[Board "22"]
[WhiteElo "1141"]
[BlackElo "1370"]
[PlyCount "105"]
[WhiteFideId "12960675"]
[BlackFideId "12956902"]
[EventCountry "GER"]
[EventRounds "11"]
[EventType "swiss"]
[EventDate "2013.05.18"]

1. d4 Nf6 2. Bf4 g6 3. Nc3 Bg7 4. e4 d6 5. f3 O-O 6. Qd2 Nfd7 7. Bh6 e5 8. h4
exd4 9. Bxg7 Kxg7 10. Qxd4+ Nf6 11. O-O-O Nc6 12. Qe3 Re8 13. Bc4 a6 14. g4 b5
15. Bb3 b4 16. Nd5 a5 17. h5 gxh5 18. Qg5+ Kf8 19. Nxf6 Re6 20. Bxe6 Bxe6 21.
Qg8+ Ke7 22. Qxd8+ Nxd8 23. Nxh5 Bxa2 24. b3 a4 25. Kb2 axb3 26. cxb3 Bxb3 27.
Kxb3 c5 28. Ra1 Rxa1 29. Ng3 Ra3+ 30. Kb2 c4 31. Nh3 Rxf3 32. Nf5+ Kd7 33. Ng5
Ra3 34. Ra1 Rb3+ 35. Kc2 Kc6 36. Nd4+ Kc5 37. Nxb3+ cxb3+ 38. Kxb3 Nc6 39. Nxf7
Nd4+ 40. Kb2 d5 41. Ra5+ Nb5 42. exd5 Kb6 43. Ra1 Kc7 44. Rh1 Kd7 45. Rxh7 Ke8
46. Ne5 Nd6 47. g5 Nf5 48. g6 Kf8 49. Rf7+ Kg8 50. Rxf5 b3 51. d6 Kg7 52. d7
Kh6 53. d8=Q 1-0